000 00685cam a22001217a 4500
008 180718b2004 xxu||||| |||| 00| 0 eng d
082 _aV423x54 P931
245 _aPricing of water in public system in India
_cby Information Systems Organisation, Information Technology Directorate, Water Planning and Projects Wing, Central Water Commission
260 _aNew Delhi
_bInformation Systems Organisation, Information Directorate, Water Planning and Projects Wing, Central Water Commission
_c2004
300 _a258p.
650 _aWater - India
700 _aIndia. Central Water Commission. Water Planning and Projects Wing. Information Technology Directorate. Information Systems Organisation
999 _c481296
_d481296